Top 20 Happiest Countries of 10 Years - Statistics

General Stats
  • This quiz has been taken 48 times
  • The average score is 170 of 199
Answer Stats
Happiness Score Country % Correct
7.262 | 7.302 | 7.315 | +7 others Norway
98%
7.284 | 7.291 | 7.314 | +7 others Sweden
98%
6.974 | 7.057 | 7.095 | +7 others Australia
95%
7.389 | 7.413 | 7.469 | +7 others Finland
95%
7.687 France
95%
7.306 | 7.319 | 7.339 | +7 others Netherlands
95%
6.714 | 6.749 | 6.796 | +4 others United Kingdom
95%
6.859 | 6.864 | 6.891 | +6 others Belgium
93%
6.803 | 6.900 | 6.961 | +7 others Canada
93%
7.521 | 7.522 | 7.526 | +7 others Denmark
93%
6.892 | 6.951 | 6.965 | +4 others Germany
93%
7.355 | 7.494 | 7.495 | +6 others Iceland
93%
6.886 | 6.892 | 6.894 | +5 others United States
93%
6.952 | 7.029 | 7.123 | +7 others New Zealand
90%
6.810 | 6.905 | 7.006 | +7 others Austria
88%
6.935 | 7.060 | 7.240 | +7 others Switzerland
88%
6.838 | 6.889 | 6.907 | +6 others Ireland
83%
6.863 | 6.871 | 6.910 | +6 others Luxembourg
81%
6.952 Brazil
71%
6.979 | 7.088 Mexico
71%
6.814 | 7.129 | 7.139 | +7 others Israel
62%
6.955 | 7.072 | 7.079 | +5 others Costa Rica
60%
6.792 Slovenia
60%
6.652 Chile
57%
6.774 | 7.144 United Arab Emirates
57%
6.775 | 6.822 | 6.845 | +3 others Czechia
55%
7.143 Panama
52%
6.763 | 6.818 | 6.829 Lithuania
48%
6.951 Kuwait
31%
7.039 Venezuela
24%
No matching quizzes found
Score Distribution
Percent of People with Each Score
Percentile by Number Answered
Your Score History
You have not taken this quiz